ბათუმის შოთა რუსთაველის სახელმწიფო უნივერსიტეტის ბიბლიოთეკა

XX საქართველოს რესპუბლიკური. დიალექტოლოგიური სამეცნიერო სესია (ბიბ.ჩანაწერი № 52480)

000 -LEADER
fixed length control field 01072nam a2200241Ia 4500
001 - CONTROL NUMBER
control field 19503
003 - CONTROL NUMBER IDENTIFIER
control field GE_BSU
008 - FIXED-LENGTH DATA ELEMENTS--GENERAL INFORMATION
fixed length control field 181216s||||||||xx |||||||||||||| ||und||
020 ## - INTERNATIONAL STANDARD BOOK NUMBER
International Standard Book Number 9982882514
040 ## - CATALOGING SOURCE
Transcribing agency GE_BSU
080 ## - UNIVERSAL DECIMAL CLASSIFICATION NUMBER
Universal Decimal Classification number 811.353.1'282
245 ## - TITLE STATEMENT
Title XX საქართველოს რესპუბლიკური. დიალექტოლოგიური სამეცნიერო სესია
245 ## - TITLE STATEMENT
Remainder of title ეძღვნება აკად. ს.ჯანაშიას დაბადების 100 წლისთავს, ქ. ზუგდიდი, 2000 წლის 20-21ოქტომბერი
245 ## - TITLE STATEMENT
Statement of responsibility, etc. რედ:გ.კვარაცხელია
250 ## - EDITION STATEMENT
Edition statement არნ.ჩიქობავას ენათმეცნიერების ინ-ტი
260 ## - PUBLICATION, DISTRIBUTION, ETC.
Place of publication, distribution, etc. თბილისი
260 ## - PUBLICATION, DISTRIBUTION, ETC.
Name of publisher, distributor, etc. ქართული ენა
260 ## - PUBLICATION, DISTRIBUTION, ETC.
Date of publication, distribution, etc. 2000
300 ## - PHYSICAL DESCRIPTION
Extent 150გვ;20სმ.
653 ## - INDEX TERM--UNCONTROLLED
Uncontrolled term ქართული დიალექტოლოგია;
942 ## - ADDED ENTRY ELEMENTS (KOHA)
Koha item type წიგნი
ეგზემპლარები
Withdrawn status Lost status Damaged status Not for loan Date acquired Barcode Date last seen Price effective from Koha item type
        2018-12-17 48559 2018-12-17 2018-12-17 წიგნი